A dance with dragons / (Record no. 3690)

MARC details
000 -LEADER
fixed length control field 00602cam a2200193 4500
001 - CONTROL NUMBER
control field 4457
005 - DATE AND TIME OF LATEST TRANSACTION
control field 20181127173429.0
008 - FIXED-LENGTH DATA ELEMENTS--GENERAL INFORMATION
fixed length control field 131112s2012 nyu 000 1 eng
010 ## - LIBRARY OF CONGRESS CONTROL NUMBER
LC control number 2012533111
020 ## - INTERNATIONAL STANDARD BOOK NUMBER
International Standard Book Number 9780553385953 (pbk.)
100 1# - MAIN ENTRY--PERSONAL NAME
Personal name Martin, George R. R.
245 12 - TITLE STATEMENT
Title A dance with dragons /
Statement of responsibility, etc. George R.R. Martin.
260 ## - PUBLICATION, DISTRIBUTION, ETC.
Place of publication, distribution, etc. New York :
Name of publisher, distributor, etc. HarperCollins Publishers,
Date of publication, distribution, etc. 2012.
300 ## - PHYSICAL DESCRIPTION
Extent 1184 ;
Dimensions 24 cm
490 0# - SERIES STATEMENT
Series statement A song of fire and ice ; bk. 5.
500 ## - GENERAL NOTE
General note Maps on endpapers.
655 #7 - INDEX TERM--GENRE/FORM
Genre/form data or focus term Fantasy fiction.
Source of term gsafd
800 ## - SERIES ADDED ENTRY--PERSONAL NAME
Personal name Martin, George R. R. Song of ice and fire ; bk. 5.
Dates associated with a name
Fuller form of name
Title of a work
Volume/sequential designation
Holdings
Withdrawn status Lost status Source of classification or shelving scheme Damaged status Not for loan Collection code Home library Current library Shelving location Date acquired Serial Enumeration / chronology Inventory number Total Checkouts Total Renewals Full call number Barcode Date last seen Date last checked out Price effective from Koha item type
    Dewey Decimal Classification     Fiction RTC Library RTC Library Fiction 14/12/2021 8002 3 6 FIC 813.54 MAR 30007057 08/11/2025 01/09/2025 27/11/2018 Fiction
Royal Thimphu College || All Right Reserved